00565 2200193 4500001002100000005001500021035002000036008004100056245007700097100002800174260005800202300001900260020002200279084001800301082000800319650001800327250000600345990002000351INLIS00000000000787120260418123804 a0010-0426000059260418 1 ind 1 aThe Valley Of Fear :bMisteri Lembah Ketakutan /cSir Arthur Conan Doyle aDoyle, Sir Arthur Conan aYogyakarta :bCV.Indoliterasi Publishing House,c2026 a254 ;c19 x 13 a978-602-0869-88-9 a823 DOY T C.1 a823 4aFiksi Inggris aI a260311300011203